Ľudi matematiki : Adaptirovano /
Salvato in:
| Autore principale: | |
|---|---|
| Natura: | Libro |
| Lingua: | russo |
| Pubblicazione: |
Moskva :
Vyšča škola,
1986
|
| Tags: |
Nessun Tag, puoi essere il primo ad aggiungerne!!
|
MARC
| LEADER | 00000nam a22000003a 4500 | ||
|---|---|---|---|
| 001 | stu8640 | ||
| 005 | 20150617225803.1 | ||
| 008 | 960308s1986----xxr-----------------rus-d | ||
| 040 | |a STU |b slo | ||
| 041 | 0 | |a rus | |
| 044 | |a xxr | ||
| 080 | |a 51-051(09) | ||
| 100 | 1 | |a Bell, E.T |4 aut | |
| 245 | 1 | |a Ľudi matematiki : |b Adaptirovano / |c [aut.] Bell,E.T | |
| 260 | |a Moskva : |b Vyšča škola, |c 1986 | ||
| 300 | |a 126 s | ||
| 996 | |b E62679 |c E*62679 |l EE03 |s P |a 0 |w stu8640_0001 | ||
| 996 | |b E62680 |c E*62680 |l EE03 |s P |a 0 |w stu8640_0002 | ||